000 00357nam a2200157Ia 4500
008 230312s9999||||xx |||||||||||||| ||und||
020 _a9780443073366
082 _a6269
_bREI-P
100 _aReid ,Robin
245 0 _aPhatalogy Illustrated
260 _bElservier
_c2008
300 _a677
546 _aEng.
650 _aMedical
_vPathology
942 _cBK
999 _c4680
_d4680